| 000 | 01207nam a2200289 i 4500 | ||
|---|---|---|---|
| 001 | bg | ||
| 245 | 0 | 0 |
_aCzłowiek, kultura, edukacja / _cpraca pod red. Marii Reut. _nT. 1. |
| 246 | 1 | 1 | _aMan, culture, education |
| 260 |
_aWrocław : _bOficyna Wydawnicza PW, _c1994. |
||
| 300 |
_a99 s. ; _c24 cm. |
||
| 490 | 1 |
_aPrace Naukowe Instytutu Nauk Ekonomiczno-Społecznych Politechniki Wrocławskiej. Studia i Materiały = _aScientific Papers of the Institute of Economic and Social Sciences of the Technical University of Wrocław. Studies and Research, _x0239-3212 ; _v16 |
|
| 500 | _aTyt. równol. : Man, culture, education. | ||
| 500 | _aNumeracja ser. gł. : 51. | ||
| 504 | _aBibliogr., summ. przy pracach. | ||
| 650 | 9 |
_aAlkoholizm _xpsychologia |
|
| 650 | 9 | _aKomunikacja społeczna | |
| 650 | 9 |
_aPedagogika _xteoria |
|
| 650 | 9 |
_aPłeć _xpsychologia |
|
| 650 | 9 |
_aWolność _xfilozofia |
|
| 700 | 1 |
_aREUT, Maria. _eRed. |
|
| 830 | 0 |
_aPrace Naukowe Instytutu Nauk Ekonomiczno-Społecznych Politechniki Wrocławskiej. _pStudia i Materiały ; _v16 |
|
| 040 | _cBPK | ||
| 041 | 0 |
_apol _beng |
|
| 080 | _a37:159.9:316.77:122/129:316.81 | ||
| 942 | _cKS | ||
| 008 | s pl f |000 0 pol | ||
| 999 |
_c30767 _d30767 |
||
| 856 |
_uhttp://koha.tu.koszalin.pl/cgi-bin/koha/opac-detail.pl?biblionumber=30767 _yKatalog online BPK |
||